Safety of bridges / (Record no. 9646)
[ view plain ]
| 000 -LEADER | |
|---|---|
| fixed length control field | 01276nac a22002651u 4500 |
| 010 ## - LIBRARY OF CONGRESS CONTROL NUMBER | |
| LC control number | 99178840 |
| 020 ## - INTERNATIONAL STANDARD BOOK NUMBER | |
| International Standard Book Number | 0727725912 |
| 035 ## - SYSTEM CONTROL NUMBER | |
| System control number | (OCoLC)38018924 |
| 082 00 - DEWEY DECIMAL CLASSIFICATION NUMBER | |
| Classification number | 624.20289 |
| Item number | SAF |
| 090 ## - LOCALLY ASSIGNED LC-TYPE CALL NUMBER (OCLC); LOCAL CALL NUMBER (OCLC) | |
| -- | 9646 |
| -- | 9646 |
| 100 ## - MAIN ENTRY--PERSONAL NAME | |
| Personal name | 20080729 |
| 245 00 - TITLE STATEMENT | |
| Title | Safety of bridges / |
| Statement of responsibility, etc | edited by Parag C. Das. |
| 260 ## - PUBLICATION, DISTRIBUTION, ETC. (IMPRINT) | |
| Place of publication, distribution, etc | London : |
| Name of publisher, distributor, etc | Telford ; |
| Place of publication, distribution, etc | New York : |
| Name of publisher, distributor, etc | Distributors, American Society of Civil Engineers, Publications Sales Dept., |
| Date of publication, distribution, etc | 1997. |
| 300 ## - PHYSICAL DESCRIPTION | |
| Extent | vi, 249 p. : |
| Other physical details | ill. ; |
| Dimensions | 25 cm. |
| 500 ## - GENERAL NOTE | |
| General note | "The international symposium, The Safety of Bridges, organized by Thomas Telford Conferences on behalf of the Institution of Civil Engineers and the Highways Agency, was held in London on 4-5 July 1996. Many of the papers presented at this Symposium are included herein. These have all been revised and updated"--T.p. verso. |
| 500 ## - GENERAL NOTE | |
| General note | Distributer:Al-Ahram. |
| 504 ## - BIBLIOGRAPHY, ETC. NOTE | |
| Bibliography, etc | Includes bibliographical references. |
| 511 ## - PARTICIPANT OR PERFORMER NOTE | |
| Participant or performer note | Catalogued By: Mahitab. |
| 650 #0 - SUBJECT ADDED ENTRY--TOPICAL TERM | |
| Topical term or geographic name as entry element | Bridges |
| General subdivision | Design and construction |
| -- | Safety measures. |
| 650 #0 - SUBJECT ADDED ENTRY--TOPICAL TERM | |
| Topical term or geographic name as entry element | Bridges |
| General subdivision | Reliability. |
| 700 1# - ADDED ENTRY--PERSONAL NAME | |
| Personal name | Das, Parag C. |
| 710 2# - ADDED ENTRY--CORPORATE NAME | |
| Corporate name or jurisdiction name as entry element | Institution of Civil Engineers (Great Britain) |
| 710 2# - ADDED ENTRY--CORPORATE NAME | |
| Corporate name or jurisdiction name as entry element | Great Britain. |
| Subordinate unit | Highways Agency. |
| 942 ## - ADDED ENTRY ELEMENTS (KOHA) | |
| Item type | Book - Borrowing |
| Call number prefix | 624.20289SAF |
| Withdrawn status | Item status | Damaged status | Not for loan | Home library | Current library | Shelving location | Date acquired | Source of acquisition | Total Checkouts | Full call number | Barcode | Date last seen | Cost, replacement price | Koha item type |
|---|---|---|---|---|---|---|---|---|---|---|---|---|---|---|
| Central Library | Central Library | First floor | 26/05/2008 | Purchase | 624.20289SAF | 000011432 | 15/07/2025 | 321.80 | Book - Borrowing |